| 000 | 00791nam a2200229 a 4500 | ||
|---|---|---|---|
| 001 | 000006704 | ||
| 005 | 20200929153958.0 | ||
| 008 | 090902s2006 dr a 000 0 spa d | ||
| 020 | _a0977953300 | ||
| 040 |
_aDO-SdBNP _bspa _cBNPHU |
||
| 082 |
_a616.8527 _bG969d |
||
| 100 | 1 |
_aGuízar, Haroldo _918664 |
|
| 245 | 1 | 0 |
_aDepresión masculina : _bcomo enfrentar esta gran batalla emocional / _cHaroldo Guízar. |
| 260 |
_aSanto Domingo : _bTriunfo Publicaciones, _c2006. |
||
| 300 |
_a179 p. : _bil ; _c23 cm. |
||
| 500 | _aIncluye referencias bibliográficas | ||
| 500 | _aIncluye datos biográficos | ||
| 650 | 4 |
_aEstres (psicología) _9464 |
|
| 650 | 4 |
_aEstres (psicología) _xPreención y control _918665 |
|
| 650 | 4 |
_aPsicopatología _9672 |
|
| 700 | 1 |
_aValenzuela, Alfonso _eprólogo _918666 |
|
| 999 |
_c6493 _d6493 |
||